000 00781nam a2200253Ia 4500
003 OSt
005 20221005084502.0
006 a|||||r|||| 00| 0
007 ta
008 221004b |||||||| |||| 00| 0 eng d
020 _a9781741754780 (pbk)
_c395
024 _a96383
037 _b2618, 25/03/2009, Pioneer Books Distributors
_cTextual
040 _aCRL
_cCRL
_beng
041 _2eng
_aeng
082 _aX5:(Y:45), P8
100 _aNapoleoni Loretta
_9599294
245 0 _aRogue economics
_b Captalism new reality
260 _aNew York
_bAllen Unwin U.S.A
_c2008
300 _axii, 307p.
_ccm.
650 _aECONOMICS
942 _hX5:(Y:45), P8
_cTEXL
_2cc
999 _c992654
_d992654